| 000 | 00666nam a2200205Ia 4500 | ||
|---|---|---|---|
| 003 | BUBTL | ||
| 008 | 151213s9999 xx 000 0 und d | ||
| 020 | _a0-340-75999-2 | ||
| 082 | _a351.076/NEW | ||
| 100 |
_aJenny Newman Edmhand. Chsict & Aileen La Tourette _93549 |
||
| 245 |
_aThe Writer's Work Book _cJenny Newman Edmhand. Chsict & Aileen La Tourette |
||
| 260 |
_aLondon _bArnold _cc2000 |
||
| 300 |
_a182p . : _bill . ; 23cm. |
||
| 650 |
_aEnglish _93550 |
||
| 650 |
_aEnglish _93550 |
||
| 700 |
_aJenny Newman Edmhand. Chsict & Aileen La Tourette _93549 |
||
| 856 |
_k0 _l0 _yDownload |
||
| 942 |
_2ddc _cBK |
||
| 999 |
_c1610 _d1610 |
||